书目信息 |
| 题名: |
内燃机燃油喷射和调节
|
|
| 作者: | 波尔曼 , 梯留卡 著 ;洛阳拖拉机研究所 译 | |
| 分册: | ||
| 出版信息: | 北京 机械工业出版社 1977 |
|
| 页数: | 207页 | |
| 开本: | 26cm | |
| 丛书名: | ||
| 单 册: | ||
| 中图分类: | TK4 | |
| 科图分类: | ||
| 主题词: | 内燃机--燃油系统--调节系统 | |
| 电子资源: | ||
| ISBN: | 15033.4363 | |
| 000 | 00807nam0 2200265 450 | |
| 001 | 0189004474 | |
| 005 | 20100713165640.0 | |
| 010 | @a15033.4363@dCNY0.95 | |
| 091 | @a15033.4363@dCNY0.95 | |
| 100 | @a19961012d1977 em y0chiy0121 ea | |
| 101 | 1 | @achi@ceng |
| 102 | @aCN@b110000 | |
| 105 | @aak z 000yy | |
| 106 | @ar | |
| 200 | 1 | @a内燃机燃油喷射和调节@9Nei Ran Ji Ran You Pen She He;Huo;Hu Diao;Tiao Jie @f洛阳拖拉机研究所译 |
| 210 | @a北京@c机械工业出版社@d1977 | |
| 215 | @a207页@c图@d26cm | |
| 314 | @a波尔曼, 梯留卡著 | |
| 606 | 0 | @a内燃机@x燃油系统@x调节系统 |
| 690 | @aTK4@v3 | |
| 701 | 0 | @a波尔曼@9bo er man@4著 |
| 701 | 0 | @a梯留卡@9ti liu ka@4著 |
| 712 | 02 | @a洛阳拖拉机研究所@9luo yang tuo la ji yan jiu suo@4译 |
| 801 | 0 | @aCN@bAzMarc@c20130904 |
| 905 | @aBZT@dTK4@e6@f3@sTK4/6 | |
| 内燃机燃油喷射和调节/洛阳拖拉机研究所译.-北京:机械工业出版社,1977 |
| 207页:图;26cm |
| ISBN 15033.4363:CNY0.95 |
| ● |
| 相关链接 |
|
|
|
正题名:内燃机燃油喷射和调节
索取号:TK4/6
 
预约/预借
| 序号 | 登录号 | 条形码 | 馆藏地/架位号 | 状态 | 备注 |
| 1 | 2000042991 | 2000042991 | 旧书回溯/ [索取号:TK4/6] | 在馆 | |
| 2 | 2000042992 | 2000042992 | 旧书回溯/ [索取号:TK4/6] | 在馆 | |
| 3 | 2000042993 | 2000042993 | 旧书回溯/ [索取号:TK4/6] | 在馆 |